L' educazione della purezza e del sentimento /
Guardat en:
| Autor principal: | |
|---|---|
| Format: | Llibre |
| Idioma: | italià |
| Publicat: |
[S.l.] :
Edizioni Paoline,
stampa 1958
|
| Edició: | 2. ed |
| Col·lecció: | Psychologica ;
35 |
| Etiquetes: |
Sense etiquetes, Sigues el primer a etiquetar aquest registre!
|
MARC
| LEADER | 00000nam a22000007i 4500 | ||
|---|---|---|---|
| 001 | IT\ICCU\MOD\0208253 | ||
| 003 | ItRI | ||
| 005 | 20260115232314.0 | ||
| 008 | 010330s1958 it |||||| ||||| |||||c | ||
| 040 | |b ita |c importazione bologna sebina | ||
| 041 | 7 | |a ita |2 ISO-639-2 | |
| 100 | 1 | |a Viollet, Jean |0 IT\ICCU\SBLV\140551 |4 aut | |
| 240 | 1 | 0 | |a Education de la purete et du sentiment. |3 IT\ICCU\SBL\0263126 |9 Viollet, Jean |
| 245 | 1 | 3 | |a L' educazione della purezza e del sentimento / |c di Jean Viollet. |
| 250 | |a 2. ed | ||
| 260 | |a [S.l.] : |b Edizioni Paoline, |c stampa 1958 | ||
| 300 | |a 187 p. ; |c 18 cm. | ||
| 752 | |a it |d Roma | ||
| 790 | 1 | |a Viollet, Giovanni |3 IT\ICCU\TSAV\692372 |z Viollet, Jean | |
| 830 | 0 | |a Psychologica ; |v 35 |0 IT\ICCU\PBE\0001745 | |
| 942 | |2 ddc |c BK |n 0 | ||
| 952 | |0 0 |1 0 |4 0 |6 DOC_248_830000000000000_VIO |7 0 |9 23883 |a BO |b BO |d 2026-01-15 |i 924 |l 0 |o DOC 248.83 VIO |p BO924 |r 2026-01-15 23:23:14 |w 2026-01-15 |x [Sebina 7] [1 v.] |y BK |z 1 v. | ||
| 999 | |c 20341 |d 20341 | ||